| 000 | 00974nam a2200301Ia 4500 | ||
|---|---|---|---|
| 003 | OSt | ||
| 005 | 20220927104820.0 | ||
| 006 | a|||||r|||| 00| 0 | ||
| 007 | ta | ||
| 008 | 220926b |||||||| |||| 00| 0 eng d | ||
| 024 | _a138787 | ||
| 037 | _cReference Collections | ||
| 040 |
_aRTL _cRTL _beng |
||
| 041 |
_2eng _aeng |
||
| 082 | _a"V1:1954.N9, N7/UN" | ||
| 100 |
_aAlves Perides Gasparini Ed. _9367482 |
||
| 110 | _a"UN, UNIDIR" | ||
| 245 | 0 | _aNuclear weapon free zones in twenty-first century. | |
| 260 |
_aNew _bYork United Nations U. S. A. _c1997 |
||
| 300 |
_a"xx, 148p." _ccm. |
||
| 500 | _a"United Nations, Institute for Disarmament Research, Publication" | ||
| 650 | _a History | ||
| 650 | _aDisarmament | ||
| 700 |
_a Cipollone Daiana Belinda Ed. _9367483 |
||
| 700 | _a"UN, UNIDIR" | ||
| 942 |
_h"V1:1954.N9, N7/UN" _cCC |
||
| 999 |
_c688798 _d688798 |
||